000 00677nam a2200181Ia 4500
008 100921s9999 xx 000 0 und d
082 _b35719
_a891.433 थ 91
100 _aकृष्णचंदर.
245 _aहाँगकाँगकी हसीना.
260 _bहिंद पॉकेट बुक्स,दिल्ली.
_c1991
300 _a144
_b---
365 _b16
520 _aललित -हिंदी-कथा,कादं.
630 _aहाँगकाँगकी हसीना.
650 _aललित -हिंदी-कथा,कादं.
730 _aहाँगकाँगकी हसीना.
942 _cBOOK
999 _c784832
_d784829